| 000 | 00669nam a22001217a 4500 | ||
|---|---|---|---|
| 008 | 110616t xxu||||| |||| 00| 0 eng d | ||
| 010 | _aCACAF41 | ||
| 245 | _aThe Court of Appeal Criminal Appeal No.44/97 Sunday Joseph Vs Uganda. | ||
| 260 | _c1997 | ||
| 500 | _aCoram: The Hon. Mr. Justice S.T. Manyindo, DCJ., The Hon. Mr. Justice J.P. Berko, J.A. & The Hon. Mr. Justice S.G. Engwau, J.A. | ||
| 500 | _aAppeal from Conviction and sentence of the High Court at Masindi (Hon. Justice Mpagi - Bahigeine) dated 28.8.97, C.S.C. No.49 of 1996. | ||
| 999 |
_c3093 _d3093 |
||